01233nam a2200277 a 450000100100000000500170001000800410002704000250006808200230009310000290011624000350014524500780018026000500025830000210030849000380032950400740036759000750044165100370051665100600055370000330061383000470064691000370069304900090073095201990073999900170093800002176020200930011435.0100911s1983 nq r 000 0 spa d aDO-SdBNPbspacBNPHU a327.7307285bC734q1 aCommins, Lejeune,94521410aQuijote on a burrolEspañol.10aDon Quijote en burro /cLejeune Cummins ; traducción de Luciano Cuadra. aManagua, Nicaragua :bNueva Nigaragua,c1983. a195 p. ;c19 cm.1 aBiblioteca popular sandinistav18 aIncluye referencias bibliográficas y notas al pie de las páginas. aPerteneció a la biblioteca personal de Juan Isidro Jimenes Grullón 4aNicaraguaxHistoriay1929945215 4aNicaraguaxRelaciones ExterioreszEstados Unidos94521612aCuadra, Luciano,etr.945217 0aBiblioteca popular sandinista ;n18945218 aValidado. Control de calidad MFF aBNGR 001052708MOaGRbGRcHDd2010-09-11iLF1l0o327.7307285 C734qp21760-10r2020-06-25w2020-06-25y2zPerteneció a la biblioteca personal de Juan Isidro Jimenes GrullónZPréstamo interno c21259d21259